Países que fazem fronteira com: Laos#14 - Statistics

Estatísticas Gerais
  • Esse quiz foi jogado 72 vezes
  • A pontuação média é 5 de 5
Estatísticas das Respostas
País % Correto
China
99%
Tailândia
99%
Vietnã
96%
Camboja
94%
Myanmar
91%
Nenhum quiz correspondente encontrado
Distribuição das Pontuações
Porcentagem de Pessoas com Cada Pontuação
Percentil de Números Respondidos
Sua Pontuação Histórica
Você não jogou esse quiz